Statystyki dla Prowadzący programu "Fakty TVN"

Kliknij tutaj aby rozwiązać quiz!

Ogólne statystyki

  • Ten quiz został rozwiązany 87 razy
  • Średni wynik to 10 z 19

Statystyki odpowiedzi

HintOdpowiedź% Poprawnych
od 2003 do terazAnita Werner
91%
od 22.07.2020 do terazPiotr Kraśko
91%
2006-2015Kamil Durczok
81%
od 2004 do terazGrzegorz Kajdanowicz
75%
2003-2020Justyna Pochanke
73%
od 2017 do terazDiana Rudnik
67%
od 2004 do terazPiotr Marciniak
62%
1997-2004Tomasz LIs
59%
1997-1999Grzegorz Miecugow
52%
2007-2012Beata Tadla
48%
2003-2006Bogdan Rymanowski
43%
1997-2004Marcin Pawłowski
37%
1997-2007Patrycja Redo-Łabędziewska
32%
1998-2000Tomasz Sianecki
28%
1997-2003Iwona Radziszewska
27%
1998-2001Roman Młodkowski
25%
1997-2000Joanna Rusak-Rdzeniewska
24%
2003-2004Anna Jędrzejowska
23%
1997-2001Mirosław Rogalski
23%

Rozkład punktacji

Percentyl według liczby udzielonych odpowiedzi

Procent ludzi z każdym wynikiem

Twoja historia wyników

Nie rozwiązałeś tego quizu